000 00378nam a2200145Ia 4500
008 230719s9999 xx 000 0 und d
041 _aeng
082 _a005.74
_bJAI
100 _aJain M.
_9108579
245 _aIntroduction To Database Management
260 _c2002
_bBPB
300 _a342
365 _cRs.
_b83.00
700 _aJain M.; Pillai V.; Singh S. & Jain S.
_9203826
999 _c354360
_d354360